| 000 | | | 04792cmc2a2200241#x 450 |
| 001 | | | 40f34304-b3a5-43c2-9705-7dd35f50a46e |
| 005 | | | 20230320155050.0 |
| 100 | ## | $a | 20200225l18891889k l0rusy0189 ca |
| 101 | 0# | $a | rus |
| 102 | ## | $a | RU |
| 105 | ## | $a | y### |
| 122 | 2# | $a | d18891105## |
| | $a | d18891210## |
| 200 | 1# | $a | Дело о повсеместной подписке на сооружение памятника А. Н. Островскому |
| | $j | 5 ноября - 10 декабря 1889 г. |
| 215 | ## | $a | 8 листов |
| | $d | 36,5х26 см |
| 251 | ## | $c | Дело |
| 300 | ## | $a | На бланке обложки указано: "Дело Санкт-Петербургской конторы Императорских театров" |
| 300 | ## | $a | Машинописный, рукописный и печатный текст |
| 371 | ## | $a | Документ не является опубликованным и широко распространяемым |
| 461 | #0 | $1 | 0019264ebf8-de62-4f1a-9eb4-9f22098dbbd5 |
| | $1 | 2001 |
| | $a | Дирекция императорских театров МИДв |
| | $1 | 251 |
| | $c | Фонд |
| | $1 | 852 |
| | $j | 497 |
| 462 | #0 | $1 | 0016d2858c7-947f-46a8-934e-c3d97596ebca |
| | $1 | 2001 |
| | $a | 1879-1918 гг. |
| | $v | Д. 4026 |
| | $1 | 251 |
| | $c | Опись |
| | $1 | 852 |
| | $j | 6 |
| 801 | #0 | $a | RU |
| | $b | РГИА |
| | $c | 20200225 |
| 801 | #1 | $a | RU |
| | $b | ГлавНИВЦ |
| | $c | 20200225 |
| | $2 | rusmarc |
| 801 | #2 | $a | RU |
| | $b | ПБ им. Б.Н. Ельцина |
| | $c | 20201007 |
| | $g | RCR |
| | $2 | rusmarc |
| 850 | ## | $a | Федеральное казенное учреждение "Российский государственный исторический архив" |
| 852 | ## | $a | РГИА |
| | $j | 4026 |
| 937 | ## | $h | РГИА |
| | $d | 12339012 |
| | $a | ASBIBLIO_SCAN |
| 035 | ## | $a | RusGRCC00001495 |
| 856 | ## | $u | http://readingroom.main.prlib.ru/item.aspx?id_node=n147678258&mode=full |
| 600 | #1 | $2 | prlib_sh |
| | $3 | LIBNET\UAF\0000106638 |
| | $a | Островский |
| | $b | А.Н. |
| | $f | 1823 - 1886 |
| | $g | Александр Николаевич |
| | $j | Архивные дела |
| | $x | Увековечение памяти |
| 605 | ## | $2 | acquisition_Prlib |
| | $3 | LIBNET\UAF\0000106615 |
| | $a | А. Н. Островский |
| | $l | коллекция |
| 605 | ## | $2 | acquisition_Prlib |
| | $3 | DITM\AF\0000003865 |
| | $a | Русский язык |
| | $l | коллекция |
| 686 | ## | $2 | rubbk |
| | $a | 83.3(2=Рус)5-8Островский.ю1 |
| | $v | LBC/M |